000
00280nam a2200085Ia 4500
245
0
_a
Shack chic : [art and innovation in South African shack-lands]
100
_a
FRASER, Craig Cape Town,South Africa, 2009
_9
86199
942
_c
BK
008
210817s9999 xx 000 0 und d
999
_c
327690
_d
327689